Living with cancer

Bibliographic Details
Corporate Author: Sivalingam Nalliah
Format: Book
Published: Petaling Jaya Pelanduk Publications c1993
Subjects:

MARC

LEADER 00000cam a2200000 7i4500
001 0000001050
008 021118n
020 |a 9679784568 
090 0 0 |a RC270.8  |b .S5 
110 0 |a Sivalingam Nalliah 
245 0 0 |a Living with cancer   |c Sivalingam Nalliah 
260 2 |a Petaling Jaya   |b Pelanduk Publications  |c c1993 
300 |a 124 p. ;  |c 19cm. 
650 0 |a Cancer 
650 0 |a Cancer  |x Chemotherapy 
650 0 |a Cancer  |x Psychological aspects 
650 0 |a Cancer  |x Radiotherapy 
999 |a 1000034055  |b Book  |c OPEN SHELF (30 DAYS)  |e Gong Badak Campus